| 000 | 00362nam a2200157Ia 4500 | ||
|---|---|---|---|
| 008 | 230917s9999||||xx |||||||||||||| ||und|| | ||
| 020 | _cPOU4.5 | ||
| 040 |
_e14288 _aMAIN |
||
| 041 | _aEnglish | ||
| 082 | _a330.122 D715C | ||
| 100 | _aDonaldson, Peter | ||
| 245 | 0 | _aCapitalism | |
| 260 |
_aLondon _bHamish Hamillon _c1978 |
||
| 300 | _a89 p. | ||
| 942 | _cBK | ||
| 999 |
_c205997 _d205997 |
||